Pokemon - All Max and G-Max Moves - Statistics

General Stats
  • This quiz has been taken 221 times
    176 since last reset
  • The average score is 28 of 52
Answer Stats
Type/Specific Pokemon Max or G-Max Move % Correct
Normal (Attack) Max Strike
86%
Fire Max Flare
73%
Normal (Defense) Max Guard
72%
Poison Max Ooze
72%
Flying Max Airstream
71%
Charizard G-Max Wildfire
69%
Rock Max Rockfall
69%
Steel Max Steelspike
69%
Ground Max Quake
68%
Dark Max Darkness
67%
Fighting Max Knuckle
67%
Bug Max Flutterby
63%
Dragon Max Wyrmwind
63%
Water Max Geyser
62%
Ice Max Hailstorm
62%
Psychic Max Mindstorm
62%
Fairy Max Starfall
62%
Grass Max Overgrowth
58%
Ghost Max Phantasm
58%
Eevee G-Max Cuddle
56%
Cinderace G-Max Fireball
55%
Electric Max Lightning
55%
Butterfree G-Max Befuddle
54%
Venusaur G-Max Vine Lash
54%
Machamp G-Max Chi Strike
51%
Blastoise G-Max Cannonade
49%
Grimmsnarl G-Max Snooze
49%
Gengar G-Max Terror
49%
Pikachu G-Max Volt Crash
49%
Rillaboom G-Max Drum Solo
47%
Snorlax G-Max Replenish
47%
Appletun G-Max Sweetness
46%
Meowth G-Max Gold Rush
45%
Urshifu (Single Strike) G-Max One Blow
45%
Flapple G-Max Tartness
45%
Coalossal G-Max Volcalith
45%
Kingler G-Max Foam Burst
44%
Inteleon G-Max Hydrosnipe
44%
Melmetal G-Max Meltdown
44%
Copperajah G-Max Steelsurge
44%
Hatterene G-Max Smite
42%
Drednaw G-Max Stonesurge
42%
Duraludon G-Max Depletion
40%
Orbeetle G-Max Gravitas
40%
Urshifu (Rapid Strike) G-Max Rapid Flow
40%
Toxtricity G-Max Stun Shock
40%
Garbodor G-Max Malodor
38%
Lapras G-Max Resonance
38%
Sandaconda G-Max Sandblast
38%
Corviknight G-Max Wind Rage
38%
Centiskorch G-Max Centiferno
37%
Alcremie G-Max Finale
36%
No matching quizzes found
Score Distribution
Percent of People with Each Score
Percentile by Number Answered
Your Score History
You have not taken this quiz since the last reset